[Event "Imperia op-A 36th"]
[Site "Imperia"]
[Date "2021.09.07"]
[Round "5.3"]
[White "Szekely, Peter"]
[Black "Beil, Zdenek"]
[Result "1/2-1/2"]
[WhiteElo "2490"]
[BlackElo "2345"]
[PlyCount "59"]
[EventDate "1994.09.03"]
[EventType "swiss"]
[EventRounds "9"]
[EventCountry "ITA"]
[SourceTitle "EXT 2024"]
[Source "ChessBase"]
[SourceDate "2023.10.10"]
[SourceVersion "1"]
[SourceVersionDate "2023.10.10"]
[SourceQuality "1"]

1. Nf3 Nf6 2. c4 g6 3. d4 Bg7 4. g3 0-0 5. Bg2 d5 6. cxd5 Nxd5 7. 0-0 Nc6 8. Nc3 Nb6 9. d5 Na5 10. Bf4 c6 11. dxc6 Nxc6 12. Qc1 Bf5 13. Rd1 Qc8 14. Bh6 Bh3 15. Bh1 Rd8 16. Rxd8+ Qxd8 17. Bxg7 Kxg7 18. Qe3 f6 19. Rd1 Qe8 20. Nd4 Rd8 21. Nxc6 Rxd1+ 22. Nxd1 bxc6 23. Qc5 Bd7 24. Nc3 Kf7 25. Kf1 Nc8 26. Ke1 e5 27. Be4 Qe7 28. Qa5 Ke8 29. Na4 Qd6 30. Qc3 1/2-1/2

[Event "Rabat op"]
[Site "Rabat"]
[Date "2003.06.29"]
[Round "1"]
[White "Szekely, Peter"]
[Black "Ait Said, Youssef"]
[Result "1-0"]
[WhiteElo "2417"]
[BlackElo "1650"]
[PlyCount "73"]
[EventDate "2003.06.??"]
[EventType "swiss"]
[EventRounds "3"]
[EventCountry "MAR"]
[SourceTitle "EXT 2005"]
[Source "ChessBase"]
[SourceDate "2004.11.15"]
[SourceVersion "1"]
[SourceVersionDate "2004.11.15"]
[SourceQuality "1"]

1. Nf3 Nf6 2. c4 c5 3. g3 d6 4. d4 cxd4 5. Nxd4 Nc6 6. Bg2 Bd7 7. Nc3 g6 8. 0-0 Bg7 9. b3 0-0 10. Bb2 a6 11. Rc1 Rc8 12. e3 Qb6 13. c5 dxc5 14. Na4 Qd8 15. Nxc5 Nxd4 16. Bxd4 Bc6 17. Nxb7 Bxb7 18. Bxb7 Rxc1 19. Qxc1 a5 20. Bg2 Ne8 21. Ba7 Nd6 22. Qc6 Qc8 23. Rc1 Qxc6 24. Rxc6 Rc8 25. Bb6 Bc3 26. Kf1 Rxc6 27. Bxc6 e5 28. f3 f5 29. e4 Kf7 30. Ke2 Nc8 31. Be3 Kf6 32. Kd3 Bb4 33. Kc4 Ke6 34. Kb5 Kd6 35. Bb7 Kc7 36. Bxc8 Kxc8 37. Bb6 1-0

[Event "Capablanca Memorial Premier I 38th"]
[Site "Havana"]
[Date "2003.05.16"]
[Round "11"]
[White "Gomez Fontal, Felix Manuel"]
[Black "Szekely, Peter"]
[Result "1/2-1/2"]
[WhiteElo "2401"]
[BlackElo "2417"]
[PlyCount "21"]
[EventDate "2003.05.06"]
[EventType "tourn"]
[EventRounds "13"]
[EventCountry "CUB"]
[EventCategory "8"]
[SourceTitle "CBM 094 Extra"]
[Source "ChessBase"]
[SourceDate "2003.07.09"]
[SourceVersion "2"]
[SourceVersionDate "2003.07.09"]
[SourceQuality "1"]

1. d4 Nf6 2. Nf3 g6 3. Bg5 Bg7 4. Nbd2 0-0 5. e4 d6 6. Be2 c5 7. dxc5 dxc5 8. c3 Nc6 9. 0-0 h6 10. Bh4 Be6 11. Qc2 1/2-1/2

[Event "Capablanca Memorial Premier I 38th"]
[Site "Havana"]
[Date "2003.05.10"]
[Round "5"]
[White "Szekely, Peter"]
[Black "Ramirez Alvarez, Alejandro"]
[Result "1/2-1/2"]
[WhiteElo "2417"]
[BlackElo "2421"]
[PlyCount "23"]
[EventDate "2003.05.06"]
[EventType "tourn"]
[EventRounds "13"]
[EventCountry "CUB"]
[EventCategory "8"]
[SourceTitle "CBM 094 Extra"]
[Source "ChessBase"]
[SourceDate "2003.07.09"]
[SourceVersion "2"]
[SourceVersionDate "2003.07.09"]
[SourceQuality "1"]

1. Nf3 d5 2. g3 Nf6 3. Bg2 c6 4. 0-0 g6 5. d3 Bg7 6. Nbd2 0-0 7. e4 Nbd7 8. Re1 e5 9. exd5 Nxd5 10. c3 Qc7 11. Qc2 b6 12. Nc4 1/2-1/2

[Event "Valle d'Aosta op 11th"]
[Site "Saint Vincent"]
[Date "2003.02.10"]
[Round "3"]
[White "Szekely, Peter"]
[Black "Georgiev, Vladimir"]
[Result "1/2-1/2"]
[WhiteElo "2417"]
[BlackElo "2549"]
[PlyCount "98"]
[EventDate "2003.02.08"]
[EventType "swiss"]
[EventRounds "9"]
[EventCountry "ITA"]
[SourceTitle "CBM 092 Extra"]
[Source "ChessBase"]
[SourceDate "2003.03.07"]
[SourceVersion "1"]
[SourceVersionDate "2003.03.07"]
[SourceQuality "1"]

1. Nf3 d6 2. d4 g6 3. g3 Bg7 4. Bg2 Nf6 5. 0-0 0-0 6. c4 c6 7. Nc3 Qa5 8. h3 e5 9. e4 Nbd7 10. Be3 Nb6 11. Nd2 exd4 12. Bxd4 Be6 13. Qf3 Nfd7 14. Bxg7 Kxg7 15. b3 Rae8 16. Rad1 f5 17. Qe3 Qc5 18. Rfe1 Qxe3 19. Rxe3 f4 20. gxf4 Rxf4 21. Nf3 Nc8 22. e5 Nxe5 23. Nxe5 dxe5 24. Rxe5 Rff8 25. Rde1 Bf7 26. Rxe8 Rxe8 27. Rxe8 Bxe8 28. Ne4 b6 29. f4 c5 30. Nc3 Ne7 31. Kf2 Kf7 32. Bf3 Nf5 33. Bg4 Nd4 34. Ne2 Nxe2 35. Kxe2 Kf6 36. h4 Bc6 37. Ke3 Be8 38. Bh3 Bf7 39. Bg4 Be6 40. Bd1 Bf5 41. Kd2 Bh3 42. Bc2 Bg4 43. Be4 Ke6 44. Bb7 Kf5 45. Ke3 Kf6 46. Bc6 a5 47. Be4 Bf5 48. Bxf5 Kxf5 49. Kf3 h6 1/2-1/2

[Event "Golden Cleopatra op 6th"]
[Site "Cairo"]
[Date "2002.04.13"]
[Round "7"]
[White "Szekely, Peter"]
[Black "Yousry, Salah"]
[Result "0-1"]
[WhiteElo "2439"]
[BlackElo "2271"]
[PlyCount "114"]
[EventDate "2002.04.07"]
[EventType "swiss"]
[EventRounds "11"]
[EventCountry "EGY"]
[SourceTitle "CBM 087 Extra"]
[Source "ChessBase"]
[SourceDate "2002.05.03"]
[SourceVersion "2"]
[SourceVersionDate "2002.08.09"]
[SourceQuality "1"]

1. Nf3 c5 2. c4 Nc6 3. d4 cxd4 4. Nxd4 g6 5. e4 Bg7 6. Be3 Nf6 7. Nc3 0-0 8. Be2 d6 9. 0-0 a6 10. Rc1 Bd7 11. f3 Rb8 12. Nb3 Be6 13. Nd5 Nd7 14. Qd2 b6 15. Rfd1 Nc5 16. Bf1 a5 17. Qf2 Bxd5 18. cxd5 Nxb3 19. axb3 Ne5 20. Bb5 f5 21. exf5 Rxf5 22. h3 Qf8 23. Be2 Nd7 24. Bd3 Rf7 25. Qc2 Nc5 26. Bb5 Bh6 27. Re1 Bg7 28. Bc6 Be5 29. Re2 Qg7 30. Rce1 Rbf8 31. Kh1 Qf6 32. Bh6 Rb8 33. Be3 Qh4 34. Bf2 Qf4 35. Bg1 Qg3 36. Qd1 Rbf8 37. Rxe5 dxe5 38. d6 exd6 39. Bd5 Kg7 40. Bxf7 Rxf7 41. Bh2 Qh4 42. Re2 Rd7 43. Bg1 Qb4 44. Re3 Qf4 45. Rc3 d5 46. Qe2 d4 47. Rc4 Nxb3 48. Rc6 d3 49. Qd1 a4 50. Rxb6 d2 51. Bf2 Qc4 52. Kh2 Qc1 53. Qe2 Qc7 54. Qd1 e4+ 55. f4 Qc1 56. Qg4 d1Q 57. Qh4 Qh1+ 0-1

[Event "Golden Cleopatra op 6th"]
[Site "Cairo"]
[Date "2002.04.11"]
[Round "5"]
[White "Szekely, Peter"]
[Black "Kamal, Mohamed"]
[Result "1-0"]
[WhiteElo "2439"]
[BlackElo "2208"]
[PlyCount "59"]
[EventDate "2002.04.07"]
[EventType "swiss"]
[EventRounds "11"]
[EventCountry "EGY"]
[SourceTitle "CBM 087 Extra"]
[Source "ChessBase"]
[SourceDate "2002.05.03"]
[SourceVersion "2"]
[SourceVersionDate "2002.08.09"]
[SourceQuality "1"]

1. Nf3 d5 2. c4 e6 3. g3 Nf6 4. Bg2 Be7 5. d4 0-0 6. Qc2 b6 7. cxd5 exd5 8. 0-0 Bb7 9. Nc3 Ne4 10. Rd1 Nxc3 11. bxc3 Nd7 12. c4 dxc4 13. Ng5 Bxg5 14. Bxb7 Rb8 15. Bxg5 Qxg5 16. Bc6 Qe7 17. Qxc4 Nf6 18. Rac1 a5 19. e4 Rfc8 20. Rc2 Kf8 21. e5 Ne8 22. Rd3 g6 23. f4 Ng7 24. d5 Nf5 25. a4 f6 26. Qc3 fxe5 27. Qxe5 Kf7 28. g4 Nd6 29. Re3 Qf6 30. Bd7 1-0

[Event "Carlos Torre Memorial op 14th"]
[Site "Merida"]
[Date "2001.12.15"]
[Round "2"]
[White "Vega Garcia, Jorge Arturo"]
[Black "Szekely, Peter"]
[Result "1/2-1/2"]
[WhiteElo "2238"]
[BlackElo "2439"]
[PlyCount "32"]
[EventDate "2001.12.01"]
[EventType "swiss"]
[EventRounds "9"]
[EventCountry "MEX"]
[SourceTitle "CBM 085 Extra"]
[Source "ChessBase"]
[SourceDate "2002.01.21"]
[SourceVersion "1"]
[SourceVersionDate "2002.01.21"]
[SourceQuality "1"]

1. e4 c5 2. Nf3 d6 3. c3 Nf6 4. Bd3 Nc6 5. Bc2 Bg4 6. d3 e6 7. Nbd2 Nd7 8. h3 Bh5 9. Nf1 Bxf3 10. Qxf3 g6 11. Qe2 Bg7 12. Ne3 b5 13. a3 a5 14. Bd2 Qe7 15. 0-0 0-0 16. f4 Rfe8 1/2-1/2

[Event "HUN-chT 0102"]
[Site "Hungary"]
[Date "2001.12.02"]
[Round "4"]
[White "Szekely, Peter"]
[Black "Pinter, Jozsef"]
[Result "0-1"]
[WhiteElo "2430"]
[BlackElo "2550"]
[PlyCount "168"]
[EventDate "2001.??.??"]
[EventType "team"]
[EventRounds "11"]
[EventCountry "HUN"]
[SourceTitle "EXT 2004"]
[Source "ChessBase"]
[SourceDate "2003.11.25"]
[SourceVersion "1"]
[SourceVersionDate "2003.11.25"]
[SourceQuality "1"]

1. Nf3 d5 2. d4 Nf6 3. c4 e6 4. g3 Bb4+ 5. Bd2 Be7 6. Bg2 0-0 7. 0-0 c6 8. Qc2 Nbd7 9. Bf4 b6 10. cxd5 cxd5 11. Nc3 Bb7 12. Rfc1 Rc8 13. Qd3 a6 14. a4 h6 15. Na2 Rxc1+ 16. Rxc1 Qa8 17. Ne5 Nxe5 18. Bxe5 Nd7 19. Bf4 Bc6 20. Qb3 Rc8 21. Bd2 Bd8 22. Nb4 Bb7 23. Rxc8 Qxc8 24. Qc2 Qa8 25. Nd3 a5 26. b3 Ba6 27. e3 Bxd3 28. Qxd3 Nf6 29. Qc2 Qb7 30. b4 axb4 31. Bxb4 Ne4 32. Bf1 Be7 33. Be1 h5 34. h4 Bd6 35. Bb5 Nf6 36. Qc6 Qb8 37. Ba6 Bf8 38. Bb5 g6 39. Bd3 Bd6 40. Qb5 Qc7 41. a5 bxa5 42. Qxa5 Qc1 43. Qc3 Qd1 44. Qd2 Qa1 45. Qc3 Qa8 46. Qa5 Qb8 47. Qb5 Qc7 48. Qa5 Qc8 49. Qc3 Qd8 50. Qb2 Kg7 51. Qb7 Ng4 52. Be2 Nf6 53. Bf3 Qe8 54. Qb6 Qe7 55. Ba5 Qd7 56. Kg2 Qa4 57. Qxd6 Qxa5 58. Qe5 Qd8 59. e4 dxe4 60. Bxe4 Kf8 61. Bf3 Ke7 62. Qc5+ Qd6 63. Qa7+ Kf8 64. Qa8+ Kg7 65. Qa7 Nd7 66. Kg1 Nb6 67. Qa1 Kf8 68. Qc3 Ke7 69. Kg2 Nd7 70. Qe3 Nf6 71. Qc3 Ne8 72. Qc5 Nc7 73. Qa7 Kf6 74. Qb8 Ke7 75. Qa7 Kf8 76. Qa5 Ne8 77. Qa4 Ke7 78. Qa7+ Qc7 79. Qa3+ Nd6 80. Qa1 Kf6 81. Qb2 Qd7 82. Qb8 Kg7 83. Qb2 Qe7 84. Be2 Kh7 0-1

[Event "Abu Dhabi op 11th"]
[Site "Abu Dhabi"]
[Date "2001.09.03"]
[Round "9"]
[White "Szekely, Peter"]
[Black "Bajarani, Ilgar"]
[Result "1-0"]
[WhiteElo "2430"]
[BlackElo "2365"]
[PlyCount "45"]
[EventDate "2001.08.25"]
[EventType "swiss"]
[EventRounds "9"]
[EventCountry "UAE"]
[SourceTitle "EXT 2002"]
[Source "ChessBase"]
[SourceDate "2001.11.25"]
[SourceVersion "1"]
[SourceVersionDate "2001.11.25"]
[SourceQuality "1"]

1. d4 d5 2. c4 c6 3. cxd5 cxd5 4. Nf3 Nc6 5. Nc3 Nf6 6. Bf4 Bf5 7. e3 e6 8. Qb3 Bb4 9. Bb5 Qa5 10. 0-0 0-0 11. Bxc6 bxc6 12. Bc7 Qxc7 13. Qxb4 Rab8 14. Qa3 Nd7 15. Na4 Qa5 16. Rfc1 Rfc8 17. Qd6 Nf6 18. b3 Ne4 19. Qf4 Qd8 20. Ne5 Qd6 21. Nxc6 Qa3 22. h4 h6 23. Nc5 1-0

[Event "Abu Dhabi op 11th"]
[Site "Abu Dhabi"]
[Date "2001.09.02"]
[Round "8"]
[White "Szekely, Peter"]
[Black "Sale, Srdjan"]
[Result "1/2-1/2"]
[WhiteElo "2430"]
[BlackElo "2381"]
[PlyCount "22"]
[EventDate "2001.08.25"]
[EventType "swiss"]
[EventRounds "9"]
[EventCountry "UAE"]
[SourceTitle "EXT 2002"]
[Source "ChessBase"]
[SourceDate "2001.11.25"]
[SourceVersion "1"]
[SourceVersionDate "2001.11.25"]
[SourceQuality "1"]

1. Nf3 Nf6 2. c4 g6 3. g3 Bg7 4. Bg2 0-0 5. 0-0 d6 6. d4 Nbd7 7. Nc3 e5 8. e4 c6 9. b3 Re8 10. h3 a6 11. d5 Nc5 1/2-1/2

[Event "Capablanca Memorial Premier I 36th"]
[Site "Havana"]
[Date "2001.05.17"]
[Round "11"]
[White "Quesada Perez, Yuniesky"]
[Black "Szekely, Peter"]
[Result "1/2-1/2"]
[WhiteElo "2474"]
[BlackElo "2429"]
[PlyCount "60"]
[EventDate "2001.05.05"]
[EventType "tourn"]
[EventRounds "13"]
[EventCountry "CUB"]
[EventCategory "8"]
[SourceTitle "CBM 082 Extra"]
[Source "ChessBase"]
[SourceDate "2001.07.03"]
[SourceVersion "1"]
[SourceVersionDate "2001.07.03"]
[SourceQuality "1"]

1. e4 c5 2. Nf3 d6 3. d4 cxd4 4. Nxd4 Nf6 5. Nc3 a6 6. Be3 Ng4 7. Bg5 h6 8. Bh4 g5 9. Bg3 Bg7 10. Be2 h5 11. Bxg4 Bxg4 12. f3 Be6 13. Bf2 Nc6 14. Qd2 Qa5 15. 0-0 Bxd4 16. Bxd4 f6 17. a3 Rc8 18. Rfd1 Nxd4 19. Qxd4 Rc4 20. Qf2 Qc5 21. Rd2 Kf7 22. Nd1 Qxf2+ 23. Kxf2 Rc5 24. Ne3 h4 25. a4 Rhc8 26. Ra3 R8c6 27. a5 Rb5 28. c3 b6 29. axb6 Rcxb6 30. b4 a5 1/2-1/2

[Event "Capablanca Memorial Premier I 36th"]
[Site "Havana"]
[Date "2001.05.10"]
[Round "5"]
[White "Leyva Proenza, Ricardo"]
[Black "Szekely, Peter"]
[Result "1/2-1/2"]
[WhiteElo "2400"]
[BlackElo "2429"]
[PlyCount "57"]
[EventDate "2001.05.05"]
[EventType "tourn"]
[EventRounds "13"]
[EventCountry "CUB"]
[EventCategory "8"]
[SourceTitle "CBM 082 Extra"]
[Source "ChessBase"]
[SourceDate "2001.07.03"]
[SourceVersion "1"]
[SourceVersionDate "2001.07.03"]
[SourceQuality "1"]

1. e4 c5 2. Nf3 d6 3. d4 cxd4 4. Nxd4 Nf6 5. Nc3 a6 6. f3 Nc6 7. g4 h6 8. Bc4 e6 9. Be3 Na5 10. Bd3 e5 11. Nb3 Be6 12. Qd2 Be7 13. 0-0-0 Rc8 14. Kb1 Nc4 15. Bxc4 Rxc4 16. h4 Nd7 17. g5 h5 18. Nd5 Bxd5 19. Qxd5 Qc8 20. Na5 Rc7 21. f4 exf4 22. Bxf4 0-0 23. Bxd6 Bxd6 24. Qxd6 g6 25. Nb3 Re8 26. Rhe1 Ne5 27. c3 Rd7 28. Qf6 Rxd1+ 29. Rxd1 1/2-1/2

[Event "Capablanca Memorial Premier I 36th"]
[Site "Havana"]
[Date "2001.05.08"]
[Round "4"]
[White "Szekely, Peter"]
[Black "Perez Garcia, Rodney Oscar"]
[Result "1/2-1/2"]
[WhiteElo "2429"]
[BlackElo "2471"]
[PlyCount "20"]
[EventDate "2001.05.05"]
[EventType "tourn"]
[EventRounds "13"]
[EventCountry "CUB"]
[EventCategory "8"]
[SourceTitle "CBM 082 Extra"]
[Source "ChessBase"]
[SourceDate "2001.07.03"]
[SourceVersion "1"]
[SourceVersionDate "2001.07.03"]
[SourceQuality "1"]

1. c4 c6 2. Nf3 d5 3. b3 Nf6 4. Bb2 Nbd7 5. cxd5 cxd5 6. e3 e6 7. Nc3 a6 8. d4 Bd6 9. Bd3 0-0 10. 0-0 b6 1/2-1/2

[Event "Oberliga NRW 0001 II"]
[Site "NRW"]
[Date "2001.02.04"]
[Round "6.1"]
[White "Szekely, Peter"]
[Black "Morawietz, Dieter"]
[Result "1/2-1/2"]
[WhiteElo "2445"]
[BlackElo "2393"]
[PlyCount "86"]
[EventDate "2000.09.24"]
[EventType "team"]
[EventRounds "9"]
[EventCountry "GER"]
[SourceTitle "EXT 2006"]
[Source "ChessBase"]
[SourceDate "2005.11.24"]
[SourceVersion "1"]
[SourceVersionDate "2005.11.24"]
[SourceQuality "1"]
[WhiteTeam "Lohmar"]
[BlackTeam "Koeln SF"]
[WhiteTeamCountry "GER"]
[BlackTeamCountry "GER"]

1. Nf3 Nf6 2. c4 b6 3. g3 c5 4. Bg2 Bb7 5. 0-0 g6 6. b3 Bg7 7. Bb2 0-0 8. Nc3 a6 9. d4 cxd4 10. Qxd4 d6 11. Rfd1 Nbd7 12. Rac1 b5 13. Ne1 Bxg2 14. Nxg2 Nh5 15. Qh4 Bh6 16. Qg4 Ne5 17. Qe4 bxc4 18. bxc4 Nd7 19. Ba1 Re8 20. Ne3 Nc5 21. Qc2 Rb8 22. Rb1 Qd7 23. Ned5 Bg7 24. Ne4 Nxe4 25. Qxe4 Bxa1 26. Rxb8 Rxb8 27. Rxa1 e6 28. Ne3 Nf6 29. Qd4 e5 30. Qd3 Rb2 31. a3 Kg7 32. Rd1 Qb7 33. Qxd6 Rxe2 34. Qxe5 Qf3 35. Rf1 h5 36. Qa1 Kh7 37. Ng2 Ng4 38. Nh4 Qe4 39. Qb1 Qxc4 40. Qd1 Rc2 41. Nf3 Nxf2 42. Ng5+ Kg7 43. Qf3 Rc1 1/2-1/2

[Event "Capablanca Memorial Premier II 35th"]
[Site "Varadero"]
[Date "2000.05.21"]
[Round "12"]
[White "Leyva Proenza, Ricardo"]
[Black "Szekely, Peter"]
[Result "1/2-1/2"]
[WhiteElo "2415"]
[BlackElo "2428"]
[PlyCount "25"]
[EventDate "2000.05.07"]
[EventType "tourn"]
[EventRounds "13"]
[EventCountry "CUB"]
[EventCategory "8"]
[SourceTitle "CBM 076 Extra"]
[Source "ChessBase"]
[SourceDate "2000.07.11"]
[SourceVersion "1"]
[SourceVersionDate "2000.07.11"]
[SourceQuality "1"]

1. e4 c5 2. Nf3 d6 3. d4 cxd4 4. Nxd4 Nf6 5. Nc3 a6 6. Bc4 e6 7. Bb3 b5 8. 0-0 Be7 9. Qf3 Qb6 10. Be3 Qb7 11. Qg3 b4 12. Na4 Nbd7 13. Qxg7 1/2-1/2